000 00672nam a2200217 i 4500
001 81060
003 ES-MaACL
005 20250831014814.0
007 t|
008 041102s1964 xxu ||||1| eng d
100 1 _aHofstadter, Richard.
_963970
245 1 4 _aThe structure of american history /
_cRichard Hofstadter, William Miller, Daniel Aaron.
260 _a[Englewood Cliffs :
_bPrentice Hall,
_c1964]
300 _aXIV, 417 p. ;
_c23 cm.
651 4 _aEstados Unidos-
_xHistoria
_98540
700 1 _aMiller, William.
_981234
700 1 _aAáron, Daniel,
_9226337
852 _aES-MaACL
_jC-34573
_bR.66447
942 _2udc
999 _c81060
_d81060